| Tag |
First Indicator |
Second Indicator |
Subfields |
| LEADER |
00000cam a2200000 a 4500 |
| 001 |
in00000763576 |
| 005 |
20151016171226.0 |
| 008 |
860725s1985 cc d 00100 chi |
| 010 |
|
|
|a 86162059
|
| 020 |
|
|
|c RMBY14.30 (v. 1)
|
| 020 |
|
|
|c RMBY13.70 (v. 2)
|
| 035 |
|
|
|a (OCoLC)13942508
|
| 035 |
|
|
|9 ADJ8722AM
|
| 040 |
|
|
|a DLC
|c DLC
|d m/c
|d TXA
|d UtOrBLW
|
| 041 |
0 |
|
|a chi
|a eng
|
| 049 |
|
|
|a TXAF
|v 1 [A11492128]
|v 2 [A11492178]
|
| 050 |
0 |
0 |
|a Q123
|b .H229 1985
|
| 066 |
|
|
|c $1
|
| 245 |
0 |
0 |
|a Han Ying kʻo chi ta tzʻu tien =
|b A Chinese-English dictionary of scientific and technical terms /
|c [Wang Hsüeh-hsing chu pien].
|
| 246 |
3 |
1 |
|a Chinese-English dictionary of scientific and technical terms
|
| 250 |
|
|
|a Ti 1 pan.
|
| 264 |
|
1 |
|a Ha-erh-pin shih :
|b Hei-lung-chiang jen min chʻu pan she :
|b Hei-lung-chiang sheng hsin hua shu tien fa hsing,
|c 1985.
|
| 300 |
|
|
|a 2 volumes (17, 1976 pages) ;
|c 27 cm.
|
| 336 |
|
|
|a text
|b txt
|2 rdacontent
|
| 337 |
|
|
|a unmediated
|b n
|2 rdamedia
|
| 338 |
|
|
|a volume
|b nc
|2 rdacarrier
|
| 500 |
|
|
|a Includes index.
|
| 650 |
|
0 |
|a Science
|v Dictionaries
|x Chinese.
|
| 650 |
|
0 |
|a Technology
|v Dictionaries
|x Chinese.
|
| 650 |
|
0 |
|a Chinese language
|v Dictionaries
|x English.
|
| 700 |
1 |
|
|a Wang, Xuexing.
|
| 740 |
0 |
|
|a Chinese-English dictionary of scientific and technical terms.
|
| 999 |
|
|
|a MARS
|
| 999 |
f |
f |
|s 7b355c01-3e72-3fe5-9d05-c9823896f60f
|i 99107b5e-5edf-3e70-aada-4ce1f68468e0
|t 0
|